00679nam a2200241 a 4500001001300000003000900013005001700022008004100039020001000080082001600090100002000106245002400126260004100150300000800191500003500199505001000234650002600244700002000270902000800290942000700298952011700305999001500422nice12345678IN_TiNIC20260116012510.0050524s1978 luca grp 000 0 urd  ac10000a297.61bQID aQidwai, Hussain aMawlana Abdul Majid aLucknowbGulzar-E-syedi Press c1978 a99p aincludes index and biblioraphy2 aIndex aIslam-Biography-Ulama1 aQidwai, Hussain bSRS cBK 001040708StackRoom-aHMIbHMId2007-07-05g100.00l0o297.61 QIDp013459r2007-07-05v100.00w2005-05-24yBK c7247d7247